Estadísticas para Países en Wikipedia en más Idiomas

Haz click aquí para intentar la prueba.

Estadísticas generales

  • Esta prueba ha sido intentada 39 veces
  • La puntuación promedio es 23 de 26

Estadísticas de respuestas

ContinenteN° de IdiomasPaís% Correcto
Europa/Asia312Rusia
100%
Asia298China
97%
Europa292España
97%
Norteamérica310México
97%
Oceanía288Australia
95%
Sudamérica286Brasil
95%
Norteamérica292Canadá
95%
Sudamérica295Chile
95%
Norteamérica308Estados Unidos
95%
Europa294Francia
95%
Europa306Italia
95%
Sudamérica283Colombia
92%
África283Egipto
92%
Asia291India
92%
Asia311Japón
92%
Europa286Reino Unido
92%
Asia307Turquía
92%
Europa294Alemania
89%
Europa293Polonia
89%
Europa292Ucrania
87%
Europa298Noruega
82%
Europa282Suiza
82%
Europa311Finlandia
76%
Europa283Austria
74%
Asia284Vietnam
68%
Asia282Azerbaiyán
47%

Distribución de puntuación

Porcentaje por número respondido

Porcentaje de gente con cada puntuación

Historial de tus puntuaciones

No has intentado esta prueba.